| 000 | 01206nam a2200301Ia 4500 | ||
|---|---|---|---|
| 001 | ebr10269251 | ||
| 003 | CaPaEBR | ||
| 006 | m u | ||
| 007 | cr cn||||||||| | ||
| 008 | 080415s2008 enka sb 001 0 eng d | ||
| 010 | _z 2008015937 | ||
| 020 | _z9781845933517 (alk. paper) | ||
| 040 |
_aCaPaEBR _cCaPaEBR |
||
| 035 | _a(OCoLC)307781644 | ||
| 050 | 1 | 4 |
_aS494.5.S86 _bS884 2008eb |
| 082 | 0 | 4 |
_a630 _222 |
| 245 | 0 | 0 |
_aSustainable farmland management _h[electronic resource] : _btransdisciplinary approaches / _cedited by Robert Fish ... [et al.]. |
| 260 |
_aWallingford, Oxfordshire, UK ; _aCambridge, MA : _bCABI, _cc2008. |
||
| 300 |
_axvi, 263 p. : _bill. |
||
| 504 | _aIncludes bibliographical references and index. | ||
| 533 |
_aElectronic reproduction. _bPalo Alto, Calif. : _cebrary, _d2009. _nAvailable via World Wide Web. _nAccess may be limited to ebrary affiliated libraries. |
||
| 650 | 0 | _aFarm management. | |
| 650 | 0 | _aSustainable agriculture. | |
| 655 | 7 |
_aElectronic books. _2local |
|
| 700 | 1 | _aFish, Robert. | |
| 710 | 2 | _aebrary, Inc. | |
| 856 | 4 | 0 |
_uhttp://site.ebrary.com/lib/rucke/Doc?id=10269251 _zAn electronic book accessible through the World Wide Web; click to view |
| 999 |
_c8435 _d8435 |
||